000 00356nam a2200145 i 4500
001 bg
100 1 _aZALESKI, Jerzy
245 0 _aOgólna geografia transportu morskiego w zarysie /
_cJerzy Zaleski.
250 _aWyd.2 rozsz.
260 _aWarszawa,
_c1978.
040 _cBPK
041 _apol
942 _cKS
008 s pl f |000 0 pol
999 _c9959
_d9959
856 _uhttp://koha.tu.koszalin.pl/cgi-bin/koha/opac-detail.pl?biblionumber=9959
_yKatalog online BPK